Medicare : risk contracts with health maintenance organizations and competitive medical plans /

Bibliographic Details
Main Author: Merlis, Mark
Corporate Author: Library of Congress. Congressional Research Service
Format: Microform Book
Language:English
Published: [Washington, D.C.] : Congressional Research Service, Library of Congress, [1988]
Series:Major studies and issue briefs of the Congressional Research Service. Supplement ; 1988-89, reel 10, fr. 0067.
Subjects:

MARC

Tag First Indicator Second Indicator Subfields
LEADER 00000cam a2200000 a 4500
001 in00001291663
005 20151004090627.0
007 hd afa014baca
008 910717s1988 dcu ab f000 0 eng d
035 |a (OCoLC)24092532 
035 |9 AGZ5517AM 
040 |a UPA  |c UPA  |d UtOrBLW 
043 |a n-us--- 
049 |a TXAI 
090 |a JK1108  |b .M35 Suppl. 1988/89 reel 10 
099 |a Film   |a  S   |a  1717 1988-89, reel 10, fr. 0067. 
100 1 |a Merlis, Mark. 
245 1 0 |a Medicare :  |b risk contracts with health maintenance organizations and competitive medical plans /  |c Mark Merlis. 
264 1 |a [Washington, D.C.] :  |b Congressional Research Service, Library of Congress,  |c [1988] 
300 |a v, 48 pages ;  |c 28 cm. 
336 |a text  |b txt  |2 rdacontent 
337 |a microform  |b h  |2 rdamedia 
338 |a microfilm reel  |b hd  |2 rdacarrier 
500 |a Cover title. 
500 |a At head of title: CRS report for Congress. 
500 |a "February 16, 1988." 
504 |a Includes bibliographical references. 
500 |a "88-138 EPW." 
533 |a Microfilm.  |b Arlington, Va. :  |c University Publications of America,  |d 1989.  |e on 1 microfilm reel ; 35 mm. Low reduction.  |f (Major studies and issue briefs of the Congressional Research Service. 1988-89 supplement ; reel 10, fr. 0067). 
539 |a s  |b 1989  |d dcu  |e n 
500 |a Microform. 
650 0 |a Medicare. 
650 0 |a Health maintenance organizations  |z United States. 
710 2 |a Library of Congress.  |b Congressional Research Service. 
830 0 |a Major studies and issue briefs of the Congressional Research Service.  |p Supplement ;  |v 1988-89, reel 10, fr. 0067. 
999 |a MARS 
999 f f |s 25f745b6-d309-3929-885f-3b1824cba39a  |i 6ec21215-c13a-305d-86cd-04c7e7ac9780  |t 0 
952 f f |p default  |a Texas A&M University  |b College Station  |c Sterling C. Evans Library  |d Evans: Microforms (3rd floor)  |t 0  |e Film S 1707 1988-89, reel 10 fr. 0067  |h Other scheme  |i microform -- microfilm reel 
998 f f |a Film S 1707 1988-89, reel 10 fr. 0067  |t 0  |l Evans: Microforms (3rd floor)